| Registos Bibliográficos associados ao registo de autoridade |
|
Etiqueta de registo: 00254nam 2200025 450 001 2278270 003 http://id.bnportugal.gov.pt/bib/catbnp/2278270 010 ## $a978-989-8822-43-7 021 ## $aPT$b498411/22 100 ## $a20260309e20252022e y0pory01030103ba 101 0# $apor 102 ## $aPT 105 ## $aa j 000yy 106 ## $ar 200 1# $aCivilização do amor$emanual do aluno$eeducação moral e religiosa católica, ensino secundário$fautores Jorge Manuel Esteves de Oliveira Novo, António José Goes Machado, António
José Valente Pinto$grev. científico-pedagógica Jorge Ferreira da Costa Ortiga... [et al.] 205 ## $a2ª reimp 210 #9 $aLisboa$cFundação Secretariado Nacional da Educação Cristã,$d2025 215 ## $a55 p.$cil.$d30 cm 225 2# $aUnidade letiva$v4 606 ## $aCatolicismo$j[Manuais de ensino secundário]$2SIPOR$384067 675 ## $a272-47(075.3)$vBN$zpor$31419421 700 #1 $aNovo,$bJorge Manuel Esteves de Oliveira$31990025 701 #1 $aMachado,$bAntónio José Goes$4070$31990031 701 #1 $aPinto,$bAntónio José Valente$4070$31299350 702 #1 $aOrtiga,$bJorge Ferreira da Costa,$f1944-$4695$349633 801 #0 $aPT$bBN$gRPC 856 41 $uhttp://rnod.bnportugal.gov.pt/ImagesBN/winlibimg.aspx?skey=&doc=2278270&img=221092&save=true 900 ## $aBIBNAC$d20260417 966 ## $lBN$mFGMON$sR. 33481 V.$x1 966 ## $lBN$mFGMON$sR. 33481 V.-D$x1 971 ## $cabrito$d20260309 972 ## $e0$z0$d20260417$vasantos 973 ## $csteixeira$d20260323 974 ## $e0$d20260407$vaalmeid
|
|
|